Physical activity towards health and fitness (PATH-FIT Dance) : (Record no. 78945)
[ view plain ]
| 000 -LEADER | |
|---|---|
| fixed length control field | 01397nam a2200349Ia 4500 |
| 003 - CONTROL NUMBER IDENTIFIER | |
| control field | URS |
| 005 - DATE AND TIME OF LATEST TRANSACTION | |
| control field | 20250430235930.0 |
| 008 - FIXED-LENGTH DATA ELEMENTS--GENERAL INFORMATION | |
| fixed length control field | 240418s9999 xx 000 0 und d |
| 020 ## - INTERNATIONAL STANDARD BOOK NUMBER | |
| International Standard Book Number | 9789719655107 (pbk.) |
| 040 ## - CATALOGING SOURCE | |
| Language of cataloging | English |
| Transcribing agency | URS |
| Description conventions | rda |
| 050 ## - LIBRARY OF CONGRESS CALL NUMBER | |
| Classification number | GV341 |
| Item number | .P569m 2022 |
| 100 ## - MAIN ENTRY--PERSONAL NAME | |
| Personal name | Bulatao, Mary Grace M., |
| Relator term | author. |
| 245 #0 - TITLE STATEMENT | |
| Title | Physical activity towards health and fitness (PATH-FIT Dance) : |
| Remainder of title | folk dance, cheer dance, contemporary dances, street dance, hip hop, social dances |
| Statement of responsibility, etc | Mary Grace M. Bulatao. |
| 264 ## - PUBLICATION, DISTRIBUTION, ETC. (IMPRINT) | |
| Place of publication, distribution, etc | Manila : |
| Name of publisher, distributor, etc | Mindshapers Company, Inc., |
| Date of publication, distribution, etc | ©2021. |
| 300 ## - PHYSICAL DESCRIPTION | |
| Extent | viii, 174 pages : |
| Other physical details | illustrations ; |
| Dimensions | 23 cm. |
| 336 ## - CONTENT TYPE | |
| Content type term | text |
| Content type code | txt |
| Source | rdacontent |
| 337 ## - MEDIA TYPE | |
| Media type term | unmediated |
| Media type code | n |
| Source | rdamedia |
| 338 ## - CARRIER TYPE | |
| Carrier type term | volume |
| Carrier type code | nc |
| Source | rdacarrier |
| 504 ## - BIBLIOGRAPHY, ETC. NOTE | |
| Bibliography, etc | Includes bibliographical references. |
| 650 #0 - SUBJECT ADDED ENTRY--TOPICAL TERM | |
| Topical term or geographic name as entry element | Physical education and training |
| General subdivision | Study and teaching |
| 9 (RLIN) | 2816 |
| 650 #0 - SUBJECT ADDED ENTRY--TOPICAL TERM | |
| Topical term or geographic name as entry element | Health |
| 9 (RLIN) | 4261 |
| 650 #0 - SUBJECT ADDED ENTRY--TOPICAL TERM | |
| Topical term or geographic name as entry element | Physical fitness |
| General subdivision | Study and training. |
| 9 (RLIN) | 6192 |
| 650 #0 - SUBJECT ADDED ENTRY--TOPICAL TERM | |
| Topical term or geographic name as entry element | Dance |
| General subdivision | Study and teaching. |
| 9 (RLIN) | 2874 |
| 700 ## - ADDED ENTRY--PERSONAL NAME | |
| Personal name | Bulatao, Mary Grace M., |
| Relator term | consultant. |
| 9 (RLIN) | 4636 |
| 700 ## - ADDED ENTRY--PERSONAL NAME | |
| Personal name | Astillero, Ginna T., |
| Relator term | author. |
| 9 (RLIN) | 4624 |
| 700 ## - ADDED ENTRY--PERSONAL NAME | |
| Personal name | Limbo, Charis B., |
| Relator term | author. |
| 9 (RLIN) | 4630 |
| 700 ## - ADDED ENTRY--PERSONAL NAME | |
| Personal name | Balacuit, Castor V., |
| Relator term | author. |
| 9 (RLIN) | 6190 |
| 700 ## - ADDED ENTRY--PERSONAL NAME | |
| Personal name | Buedron, Nimfa F., |
| Relator term | author. |
| 9 (RLIN) | 6191 |
| 700 ## - ADDED ENTRY--PERSONAL NAME | |
| Personal name | Navalta, Ronda L., |
| Relator term | author. |
| 9 (RLIN) | 4635 |
| 700 ## - ADDED ENTRY--PERSONAL NAME | |
| Personal name | Munzon-Luna, Christine Joy C., |
| Relator term | author. |
| 9 (RLIN) | 6193 |
| 942 ## - ADDED ENTRY ELEMENTS (KOHA) | |
| Koha item type | Filipiniana |
| Source of classification or shelving scheme | Library of Congress Classification |
| Withdrawn status | Lost status | Source of classification or shelving scheme | Damaged status | Not for loan | Collection code | Home library | Current library | Shelving location | Date acquired | Source of acquisition | Total Checkouts | Full call number | Barcode | Date last seen | Copy number | Koha item type |
|---|---|---|---|---|---|---|---|---|---|---|---|---|---|---|---|---|
| Library of Congress Classification | Non-fiction | Taytay College Library | Taytay College Library | Filipiniana Section | 03/31/2024 | Purchased | GV341 .P569m 2022 | URSTAY-5305 | 06/02/2025 | 1 | Filipiniana | |||||
| Library of Congress Classification | Non-fiction | Taytay College Library | Taytay College Library | Filipiniana Section | 04/19/2024 | Purchased | GV341 .P569m 2022 | URSTAY-5306 | 06/02/2025 | 2 | Filipiniana | |||||
| Library of Congress Classification | Non-fiction | Taytay College Library | Taytay College Library | Filipiniana Section | 04/19/2024 | Purchased | GV341 .P569m 2022 | URSTAY-5307 | 06/02/2025 | 3 | Filipiniana |